000 00602nam a2200217Ia 4500
008 240513s9999 xx 000 0 und d
020 _a0008120322134
041 _aEng
082 _a005.8
082 _bK18
100 _aKAUFMAN C. & PERLMAN R. & SPECINER M.
245 0 _aNETWORK SECURITY : PRIVATE COMMUNICATION IN A PUBLIC WORLD
250 _a2nd ed.
260 _bNEW DELHI : PRINTICE HALL
260 _c2002
300 _a713 p.
650 _aDATA SECURITY : COMPUTER NETWORKS : DATA COMMUNICATION
942 _2ddc
_05
942 _cLBK
999 _c21811
_d21811
945 _a1
_bMadushi Gamage
_c2364
_dABC XYZ